MARC details
| 000 -CABECERA |
| campo de control de longitud fija |
01500nam a2200289 i 4500 |
| 001 - NÚMERO DE CONTROL |
| campo de control |
000016567 |
| 003 - IDENTIFICADOR DEL NÚMERO DE CONTROL |
| campo de control |
DO-SdBNP |
| 005 - FECHA Y HORA DE LA ÚLTIMA TRANSACCIÓN |
| campo de control |
20260304092050.0 |
| 006 - CÓDIGOS DE INFORMACIÓN DE LONGITUD FIJA--CARACTERÍSTICAS DEL MATERIAL ADICIONAL |
| campo de control de longitud fija |
a||||fr|||| 00| 0 |
| 007 - CAMPO FIJO DE DESCRIPCIÓN FÍSICA--INFORMACIÓN GENERAL |
| campo de control de longitud fija |
ta |
| 008 - DATOS DE LONGITUD FIJA--INFORMACIÓN GENERAL |
| campo de control de longitud fija |
100308e1997 dr ad r 000 0 spa d |
| 040 ## - FUENTE DE LA CATALOGACIÓN |
| Centro catalogador/agencia de origen |
DO-SdBNP |
| Lengua de catalogación |
spa |
| Centro/agencia transcriptor |
BNPHU |
| Normas de descripción |
rda |
| 082 #4 - NÚMERO DE LA CLASIFICACIÓN DECIMAL DEWEY |
| Número de clasificación |
22 |
| Número de documento/Ítem |
E92i |
| 245 10 - MENCIÓN DE TÍTULO |
| Título |
Evaluación de impacto a plazo del programa de profesionalización de maestros bachilleres en servicios : |
| Resto del título |
Informe de investigación , 1997. / |
| Mención de responsabilidad, etc. |
Coordinación Rosa Vanderhorst; presentación, Milagros Ortiz Bosch. |
| 264 ## - PRODUCCIÓN, PUBLICACIÓN, DISTRIBUCIÓN, FABRICACIÓN Y COPYRIGHT |
| Producción, publicación, distribución, fabricación y copyright |
Santo Domingo : |
| Nombre del de productor, editor, distribuidor, fabricante |
Unidad Coordinadora del Programa de Mejoramiento de la Educación Básica, |
| Fecha de producción, publicación, distribución, fabricación o copyright |
1997 |
| 300 ## - DESCRIPCIÓN FÍSICA |
| Extensión |
96 páginas : |
| Otras características físicas |
Ilustraciones. ; |
| Dimensiones |
27 cm. |
| 336 ## - TIPO DE CONTENIDO |
| Fuente |
rdacontent |
| Término de tipo de contenido |
texto |
| Código de tipo de contenido |
txt |
| 337 ## - TIPO DE MEDIO |
| Fuente |
rdamedia |
| Nombre/término del tipo de medio |
sin mediación |
| Código del tipo de medio |
n |
| 338 ## - TIPO DE SOPORTE |
| Fuente |
rdacarrier |
| Nombre/término del tipo de soporte |
volumen |
| Código del tipo de soporte |
nc |
| 490 1# - MENCIÓN DE SERIE |
| Mención de serie |
Investigación educativa ; |
| Designación de volumen o secuencia |
3 |
| 500 ## - NOTA GENERAL |
| Nota general |
Unidad Coordinadora del Programa de Mejoramiento de la Educación Básica. |
| 505 ## - NOTA DE CONTENIDO CON FORMATO |
| Nota de contenido con formato |
Resumen Ejecutivo. |
| Título |
Introducción.-- |
| -- |
II. El Objetivo d evaluación.-- |
| -- |
III. Marco de referencia: La política educativa.-- |
| -- |
IV. Estrategias metodológicas.-- |
| -- |
V. Presentación y análisis de información.-- |
| -- |
VI. Interpretación cuantitativa de la información.-- |
| -- |
VII. Inferencias y recomendaciones.-- |
| -- |
VIII. Fuentes de información.-- |
| 590 ## - NOTA LOCAL (RLIN) |
| Nota local |
Inventariado 2023 / MF |
| 700 1# - PUNTO DE ACCESO ADICIONAL--NOMBRE DE PERSONA |
| Nombre de persona |
Vanderhorst, Rosa, |
| Término indicativo de función/relación |
coordinadora |
| 9 (RLIN) |
36833 |
| 700 12 - PUNTO DE ACCESO ADICIONAL--NOMBRE DE PERSONA |
| Nombre de persona |
Ortiz Bosch, Milagros, 1936- |
| Término indicativo de función/relación |
presentación |
| Fechas asociadas al nombre |
1936- |
| 9 (RLIN) |
26797 |
| 942 ## - ELEMENTOS DE PUNTO DE ACCESO ADICIONAL (KOHA) |
| Fuente del sistema de clasificación o colocación |
Dewey Decimal Classification |
| Tipo de ítem Koha |
Libro |